书目信息 |
| 题名: |
触摸X夫人
|
|
| 作者: | 刘为 著 | |
| 分册: | ||
| 出版信息: | 北京 中国文联出版社 2001.05 |
|
| 页数: | 443页 | |
| 开本: | 21cm | |
| 丛书名: | ||
| 单 册: | ||
| 中图分类: | I247.57 | |
| 科图分类: | ||
| 主题词: | 长篇小说--chang pian xiao shuo--中国--现代 | |
| 电子资源: | ||
| ISBN: | 7-5059-3759-6 | |
| 000 | 00824nam0 2200253 450 | |
| 001 | 012008857624 | |
| 005 | 20080423115521.45 | |
| 010 | @a7-5059-3759-6@dCNY22.80 | |
| 100 | @a20080423d2001 km y0chiy0120 ea | |
| 101 | 0 | @achi |
| 102 | @aCN@b110000 | |
| 105 | @ay z 000ay | |
| 106 | @ar | |
| 200 | 1 | @a触摸X夫人@Achu mo X fu ren@f刘为著@Fliu wei zhu |
| 210 | @a北京@c中国文联出版社@d2001.05 | |
| 215 | @a443页@d21cm | |
| 312 | @a并列英文题名取自封面页。 | |
| 330 | @aX夫人,是那种来无影去无踪的神秘女郎,是黄昏时分许多人眼中虚构的情人,一声黑客间谍的信息大战,一次险象环生的浪漫旅行………… | |
| 510 | 1 | @aTouch X Lady@zeng |
| 606 | 0 | @a长篇小说@Achang pian xiao shuo@y中国@z现代 |
| 690 | @aI247.57@v4 | |
| 701 | 0 | @a刘为@Aliu wei@4著 |
| 801 | 0 | @aCN@bQSSK@c20080423 |
| 905 | @b20702038-40@dI247.57@eL683@f3 | |
| 触摸X夫人/刘为著.-北京:中国文联出版社,2001.05 |
| 443页;21cm |
| ISBN 7-5059-3759-6:CNY22.80 |
| X夫人,是那种来无影去无踪的神秘女郎,是黄昏时分许多人眼中虚构的情人,一声黑客间谍的信息大战,一次险象环生的浪漫旅行………… |
| ● |
| 相关链接 |
|
|
|
正题名:触摸X夫人
索取号:I247.57/L683
 
预约/预借
| 序号 | 登录号 | 条形码 | 馆藏地/架位号 | 状态 | 备注 |
| 1 | 702038 | 207020383 | 文学库108/108文学库 50排1列5层/ [索取号:I247.57/L683] | 在馆 | |
| 2 | 702039 | 207020392 | 文学库108/108文学库 50排1列5层/ [索取号:I247.57/L683] | 在馆 | |
| 3 | 702040 | 207020409 | 文学库108/108文学库 50排1列5层/ [索取号:I247.57/L683] | 在馆 |